000 01378cam a2200361 i 4500
001 19271623
003 OSt
005 20251209144636.0
008 160913s2017 ilu b 001 0 eng
010 _a 2016041218
020 _a9781433556371
_qtp
035 _a19271623
040 _aDLC
_beng
_cDLC
_erda
_dDLC
042 _apcc
050 0 0 _aBT111.3
_b.S27 2017
082 0 0 _a231/.044
_223
100 1 _aSanders, Fred
_q(Fred R.),
_eauthor.
245 1 4 _aThe deep things of God :
_bhow the Trinity changes everything /
_cFred Sanders.
250 _a2nd Edition.
264 1 _aWheaton :
_bCrossway,
_c2017.
300 _a301 pages ;
_c22 cm
336 _atext
_btxt
_2rdacontent
337 _aunmediated
_bn
_2rdamedia
338 _avolume
_bnc
_2rdacarrier
504 _aIncludes bibliographical references and index.
650 0 _aTrinity.
650 0 _aEvangelicalism.
650 0 _aSpiritual life
_xChristianity.
776 0 8 _iOnline version:
_aSanders, Fred (Fred R.), author.
_tDeep things of God
_b2nd Edition.
_dWheaton : Crossway, 2017
_z9781433556388
_w(DLC) 2017005644
906 _a7
_bcbc
_corignew
_d1
_eecip
_f20
_gy-gencatlg
942 _2lcc
_cBK
999 _c20982
_d20981